| 000 | 00433nam a22001697a 4500 | ||
|---|---|---|---|
| 003 | MACL | ||
| 005 | 20151223125423.0 | ||
| 008 | 151223b xxu||||| |||| 00| 0 eng d | ||
| 040 | _cMACL | ||
| 041 | _aEnglish | ||
| 082 | _a001/KES | ||
| 100 |
_aDr.B. Keshavan _922311 |
||
| 245 | _aWhat Went Wrong In India & How To Set Them Right | ||
| 260 |
_aBangalore _bUniversal Publishers _c2007 |
||
| 651 |
_aG.K _922312 |
||
| 942 |
_2ddc _cBK |
||
| 999 |
_c51605 _d51605 |
||